000 01245nam a2200325Ia 4500
001 ebr10269107
003 CaPaEBR
006 m u
007 cr cn|||||||||
008 990602s2000 enka sb 001 0 eng d
010 _z 99032747
020 _z0195131231 (acid-free paper)
020 _z0195151100 (pbk.)
020 _z9780195151107
040 _aCaPaEBR
_cCaPaEBR
035 _a(OCoLC)649972491
050 1 4 _aQP801.C27
_bI94 2000eb
082 0 4 _a615/.7827
_221
100 1 _aIversen, Leslie L.
245 1 4 _aThe science of marijuana
_h[electronic resource] /
_cLeslie L. Iversen.
260 _aOxford ;
_aNew York :
_bOxford University Press,
_c2000.
300 _axvi, 283 p. :
_bill.
504 _aIncludes bibliographical references (p. [269]-278) and index.
533 _aElectronic reproduction.
_bPalo Alto, Calif. :
_cebrary,
_d2009.
_nAvailable via World Wide Web.
_nAccess may be limited to ebrary affiliated libraries.
650 0 _aMarijuana
_xPhysiological effect.
650 0 _aMarijuana
_xToxicology.
655 7 _aElectronic books.
_2local
710 2 _aebrary, Inc.
856 4 0 _uhttp://site.ebrary.com/lib/rucke/Doc?id=10269107
_zAn electronic book accessible through the World Wide Web; click to view
999 _c8866
_d8866